000 00294nam a2200121Ia 4500
008 190216s9999||||xx |||||||||||||| ||und||
100 _aRaman Pillai C V
245 0 _aRamarajabahadur
260 _bLittle Prince Publications
_c1983
300 _a544p
650 _aMalayalam Novel
942 _cBK
999 _c25883
_d25883